| 000 | 00000cas 2200000zi 4500 |
| 001 | 9.963003 |
| 003 | CaOODSP |
| 005 | 20260601113808 |
| 006 | m o d f |
| 007 | cr cn |||||||| |
| 008 | 260522d19771984oncmr p o f0### 0eng|d |
| 022 | |y0704-1675 |
| 040 | |aCaOODSP|beng|erda|cCaOODSP |
| 041 | |aeng|afre |
| 043 | |an-cn--- |
| 086 | 1 |aRE31-2-PDF |
| 245 | 00|aMonthly report to Parliament on regional development incentives = |bRapport mensuel au Parlement sur les subventions au développement régional. |
| 246 | 31|aRapport mensuel au Parlement sur les subventions au développement régional |
| 264 | 1|a[Ottawa] : |bGovernment of Canada, Regional Economic Expansion = Gouvernement du Canada, Expansion économique régionale, |c[1977-1984] |
| 310 | |aMonthly |
| 336 | |atext|btxt|2rdacontent |
| 337 | |acomputer|bc|2rdamedia |
| 338 | |aonline resource|bcr|2rdacarrier |
| 362 | 1 |aBegan with: January 1977; ceased with: December 1984. |
| 500 | |aDigitized edition from print [produced by Innovation, Science and Economic Development Canada]. |
| 546 | |aText in English and French in parallel columns. |
| 550 | |aIssued by: Department of Regional Industrial Expansion, December 1983-December 1984. |
| 588 | |aDescription based on: January 1977; title from PDF cover page. |
| 588 | |aLatest issue consulted: December 1984. |
| 650 | 0|aIndustrial promotion|zCanada|vPeriodicals. |
| 650 | 0|aSubsidies|zCanada|vPeriodicals. |
| 655 | 7|aPeriodicals|2lcgft |
| 710 | 1 |aCanada. |bRegional Economic Expansion, |eissuing body. |
| 710 | 1 |aCanada. |bDepartment of Regional Industrial Expansion, |eissuing body. |
| 780 | 00|tReport on regional development incentives.|w(CaOODSP)9.963105 |
| 788 | |tMonthly report to Parliament on regional development incentives = |efre|w(CaOODSP)9.963002 |